Dutch stadiums - Statistics

General Stats
  • This quiz has been taken 14 times
  • The average score is 12 of 15
Answer Stats
Picture Answer % Correct
De Kuip
100%
Johan Cruijff Arena
100%
Philips Stadion
100%
Gelredome
92%
Het Kasteel
92%
Stadion Galgenwaard
92%
AFAS Stadion
85%
Abe Lenstra Stadion
77%
Grolsch Veste
77%
Hitachi Capital Mobility Stadion
77%
Olympisch Stadion
77%
Thialf
62%
Adelaarshorst
54%
De Goffert
54%
De Vijverberg
38%
No matching quizzes found
Score Distribution
Percent of People with Each Score
Percentile by Number Answered
Your Score History
You have not taken this quiz